000 00639nam a2200193Ia 4500
003 GCL
008 140319s9999 xx 000 0 ara d
040 _aGCL /
_cGCL
082 0 4 _a812.057
_bن ن
100 1 _aناصر العزبى
245 1 0 _aنتاج الخوف - حكاية من الصعيد الجوانى /
_cناصر العزبى
260 _aالقاهرة :
_bالمجلس الاعلى للثقافة ،
_c2000
300 _a101 ص ؛
_c20 سم
490 _aالكتاب الاول
_v0
650 0 4 _aالادب العربى
650 0 4 _aالمسرحيات
650 0 4 _aالمسرحيات العربية
942 _2ddc
_cBK
999 _c447
_d447